Zubový hydrogeneráror s vonkajším ozubením
Uložené v:
| Hlavný autor: | |
|---|---|
| Ďalší autori: | |
| Médium: | Rukopis Kniha |
| Jazyk: | Slovak |
| Vydavateľské údaje: |
2022
|
| Predmet: | |
| On-line prístup: | http://is.stuba.sk/zp/portal_zp.pl?podrobnosti=159344 |
| Tagy: |
Žiadne tagy, Buďte prvý, kto otaguje tento záznam!
|
MARC
| LEADER | 00000ntm a22000003a 4500 | ||
|---|---|---|---|
| 001 | stuzp84234 | ||
| 003 | SK-STU | ||
| 005 | 20220611210411.1 | ||
| 007 | ta | ||
| 008 | 150427s2015----xo-----f-mn---000-0-slo-d | ||
| 040 | |a STU |b slo | ||
| 041 | 0 | |a slo | |
| 100 | 1 | |a Raček, Tomáš |u 020060 |4 aut |U SjF Strojnícka fakulta |T SjF Ústav energetických strojov a zariadení |X 80636 |U J0060 |Y 805 |7 80636 | |
| 242 | 0 | 1 | |a Design of gear pump |y eng |
| 245 | 1 | 0 | |a Zubový hydrogeneráror s vonkajším ozubením |
| 260 | |c 2022 | ||
| 650 | 4 | |a evolventný profil zuba |2 slo | |
| 650 | 4 | |a klzné ložisko |2 slo | |
| 650 | 4 | |a zubový hydrogenerátor |2 slo | |
| 650 | 4 | |a ozubenie |2 slo | |
| 650 | 4 | |a hydrogenerátor |2 slo | |
| 650 | 4 | |a hydrostatic pump |2 eng | |
| 650 | 4 | |a hydraulic gear pump |2 eng | |
| 650 | 4 | |a gearing |2 eng | |
| 650 | 4 | |a plain bearing |2 eng | |
| 650 | 4 | |a involute gear |2 eng | |
| 700 | 1 | |a Mlkvik, Marek |u 020060 |k Z1 |4 ths |U SjF Strojnícka fakulta |T SjF Ústav energetických strojov a zariadení |X 13109 |U J0060 |Y 805 |7 A000013109 | |
| 856 | 4 | |u http://is.stuba.sk/zp/portal_zp.pl?podrobnosti=159344 | |